000
00327nam a22001457a 4500
003
SGT
082
_a
370
_b
S08M
100
_a
MISHRA, SHARAD CHANDER
245
_a
SHARIR RACHNA AUR SWASTHYA SHIKSHA
250
_a
1ST
260
_a
NEW DELHI
_b
PRERNA PRAKASHAN
_c
2008
300
_a
116
650
_a
EDUCATION
942
_2
ddc
_c
BK
999
_c
11828
_d
11828